Statistics for NFL - 2023-2024 Ravens Roster

Click here to take the quiz!

General Stats

  • This quiz has been taken 178 times
    (129 since last reset)
  • The average score is 14 of 24

Answer Stats

HintAnswer% Correct
QBLamar Jackson
99%
WRZay Flowers
97%
TEMark Andrews
94%
KJustin Tucker
91%
WROdell Beckham Jr.
91%
RBJ.K. Dobbins
84%
MLBRoquan Smith
81%
WRRashod Bateman
79%
MLBPatrick Queen
78%
CBMarlon Humphrey
76%
FBPatrick Ricard
72%
LTRonnie Stanley
66%
CTyler Linderbaum
58%
DEJustin Madubuike
51%
RGKevin Zeitler
49%
RTMorgan Moses
43%
FSGeno Stone
40%
LBJadeveon Clowney
39%
SSMarcus Williams
39%
DTMichael Pierce
25%
LGJohn Simpson
22%
LBKyle Van Noy
22%
CBBrandon Stephens
18%
DEBroderick Washington
4%

Score Distribution

Percentile by Number Answered

Percent of People with Each Score

Your Score History

You have not taken this quiz since the last reset